| 000 | 01813nam a2200373 i 4500 | ||
|---|---|---|---|
| 003 | DO-SdBNP | ||
| 005 | 20250116120726.0 | ||
| 006 | a||||gr|||| 00| 0 | ||
| 007 | ta | ||
| 008 | 240618e2023 dr aob|| |||| 00| 0 spa d | ||
| 020 | _a9789945634167 (Impreso) | ||
| 020 | _a9789945634174 (Online) | ||
| 040 |
_aDO-SdBNP _bspa _cBNPHU _erda |
||
| 082 | 4 |
_222 _bM553L |
|
| 245 | 0 | 0 |
_aMercado laboral y mano de obra extranjera en el sector turismo en República Dominicana / _ceditores, Cecilia Corporán, Magdalena Castaño, Gercy Mateo, Miguelina Ramírez y Marcos Morales. |
| 264 | 4 |
_aSanto Domingo : _bInstituto Nacional de Migración, _bOrganización Internacional para las Migraciones, _c©2023 |
|
| 300 |
_a85 páginas : _bilustraciones ; _c23 cm. |
||
| 336 |
_2rdacontent _atexto _btxt |
||
| 337 |
_2rdamedia _asin mediación _bn |
||
| 338 |
_2rdacarrier _avolumen _bnc |
||
| 500 | _aIncluye bibliografía y notas al pie de páginas. | ||
| 504 | _aBibliografía, páginas 81 - 85 | ||
| 505 |
_a1. Introducción.-- _t2. Aspectos metodológicos. _t3. Contexto del mercado laboral en el sector turismo y comercio conexo en República Dominicana.-- _t4. Necesidad de mano de obra extranjera en el sector turismo de República Dominicana.-- _t5. Conclusiones y recomendaciones.-- _tReferencias bibliográficas. |
||
| 590 | _aInventariado 2024 / MF | ||
| 700 | 1 |
_aCorporán, Cecilia, _957999 _eeditor |
|
| 700 | 1 |
_aCastaño, Magdalena, _eeditor _985700 |
|
| 700 | 1 |
_aMateo, Gersy, _eeditor _985701 |
|
| 700 | 1 |
_aRamírez, Miguelina, _eeditor _985702 |
|
| 700 | 1 |
_aMorales, Marcos, _929769 _eeditor |
|
| 710 | 1 |
_a Instituto Nacional de Migración (República Dominicana) _975397 |
|
| 710 | 2 |
_aOrganización Internacional para las Migraciones _92058 |
|
| 710 | 2 | 2 |
_aShutterstock, _eilustrador _985699 |
| 942 |
_2ddc _cLBS1 |
||
| 999 |
_c56880 _d56880 |
||